Every Territory of the United States - Statistics

General Stats
  • This quiz has been taken 4 times
  • The average score is 16 of 41
Answer Stats
Picture Answer % Correct
Puerto Rico
100%
Commonwealth of the Northern Mariana Islands
50%
Guam
50%
Territory of Alabama
50%
Territory of Alaska
50%
Territory of Arizona
50%
Territory of Arkansas
50%
Territory of Colorado
50%
Territory of Dakota
50%
Territory of Florida
50%
Territory of Idaho
50%
Territory of Illinois
50%
Territory of Indiana
50%
Territory of Iowa
50%
Territory of Kansas
50%
Territory of Louisiana
50%
Territory of Michigan
50%
Territory of Minnesota
50%
Territory of Missouri
50%
Territory of Montana
50%
Territory of Nebraska
50%
Territory of Nevada
50%
Territory of New Mexico
50%
Territory of Oklahoma
50%
Territory of Oregon
50%
Territory of Utah
50%
Territory of Washington
50%
Territory of Wisconsin
50%
Territory of Wyoming
50%
The Territory Northwest of the River Ohio
50%
Commonwealth of Puerto Rico
0%
Commonwealth of the Philippines
0%
Hawaii Territory
0%
Insular Government of the Philippine Islands
0%
Porto Rico
0%
Territory of Arkansaw
0%
Territory of Mississippi
0%
Territory of Orleans
0%
The Territory South of the River Ohio
0%
Trust Territory of the Pacific Islands
0%
Virgin Islands of the United States
0%
No matching quizzes found
Score Distribution
Percent of People with Each Score
Percentile by Number Answered
Your Score History
You have not taken this quiz